The herbal health and beauty book / (Record no. 134520)

MARC details
000 -LEADER
fixed length control field 00677nam a22002297a 4500
005 - DATE AND TIME OF LATEST TRANSACTION
control field 20170124110227.0
010 ## - LIBRARY OF CONGRESS CONTROL NUMBER
LC control number A-827225
020 ## - INTERNATIONAL STANDARD BOOK NUMBER
Terms of availability 00.00
International Standard Book Number 0356210308
035 ## - SYSTEM CONTROL NUMBER
System control number A-827225
037 ## - SOURCE OF ACQUISITION
Source of stock number/acquisition Cen Lib/Ret
040 ## - CATALOGING SOURCE
Original cataloging agency DPL
Language of cataloging EN
082 ## - DEWEY DECIMAL CLASSIFICATION NUMBER
Classification number 613
Item number BOD
100 ## - MAIN ENTRY--PERSONAL NAME
Personal name Boddie, Hilary
9 (RLIN) 40968
245 ## - TITLE STATEMENT
Title The herbal health and beauty book /
Statement of responsibility, etc by Hilary Boddie
260 ## - PUBLICATION, DISTRIBUTION, ETC. (IMPRINT)
Place of publication, distribution, etc London
Name of publisher, distributor, etc Optima Book
Date of publication, distribution, etc 1994
270 ## - ADDRESS
Address Brettenham House, Lancaster Place
City London
300 ## - PHYSICAL DESCRIPTION
Extent 152p. :
Dimensions 24cm(pbk)
Other physical details ill.
500 ## - GENERAL NOTE
General note Includes index <br/>
650 ## - SUBJECT ADDED ENTRY--TOPICAL TERM
Topical term or geographic name as entry element Herbs -- Therapeutic use
9 (RLIN) 19343
650 ## - SUBJECT ADDED ENTRY--TOPICAL TERM
Topical term or geographic name as entry element Women -- Beauty care
9 (RLIN) 40969
942 ## - ADDED ENTRY ELEMENTS (KOHA)
Source of classification or shelving scheme Dewey Decimal Classification
Koha item type English Books
Classification part 613
Call number suffix BOD
Holdings
Withdrawn status Lost status Damaged status Not for loan Collection code Home library Current library Date acquired Source of acquisition Cost, normal purchase price Total Checkouts Full call number Barcode Date last seen Copy number Cost, replacement price Price effective from Koha item type
      Not For Loan Reference Central Library Central Library 30/07/2015 Cen Lib/Ret 0.00   613 BOD A-827225 30/07/2015 1 0.00 30/07/2015 English Books

© Delhi Public Library
Hit Counter
free hit counter